Central Library OPAC University of Rajshahi

Statistical methods for educational and psychological research / (Record no. 43434)

MARC details
000 -LEADER
fixed length control field 00941nam a22002892a 4500
001 - CONTROL NUMBER
control field 43434
003 - CONTROL NUMBER IDENTIFIER
rucl marc code BD-RjUL
005 - DATE AND TIME OF LATEST TRANSACTION
control field 20211209053710.0
008 - FIXED-LENGTH DATA ELEMENTS--GENERAL INFORMATION
fixed length control field 160622s1974 nyua b 001 0 eng d
020 ## - INTERNATIONAL STANDARD BOOK NUMBER
International Standard Book Number 0070475504
035 ## - SYSTEM CONTROL NUMBER
System control number (BD-RjUL)43552
040 ## - CATALOGING SOURCE
Original cataloging agency DLC
Transcribing agency DLC
Modifying agency BD-RjUL
Language of cataloging eng
041 ## - LANGUAGE CODE
Language code of text/sound track or separate title eng
082 ## - DEWEY DECIMAL CLASSIFICATION NUMBER
Classification number 370.182
Edition number 23
Author mark and year NOS 1974
100 1# - MAIN ENTRY--PERSONAL NAME
Personal name Novick, Melvin R.
9 (RLIN) 133399
245 10 - TITLE STATEMENT
Title Statistical methods for educational and psychological research /
Statement of responsibility, etc. [by] Melvin R. Novick [and] Paul H. Jackson
260 ## - PUBLICATION, DISTRIBUTION, ETC. (IMPRINT)
Place of publication, distribution, etc. New York :
Name of publisher, distributor, etc. McGraw-Hill,
Date of publication, distribution, etc. c1974
300 ## - PHYSICAL DESCRIPTION
Pagination xviii, 456 p. :
Illustrations ill. ;
Size 24 cm.
490 1# - SERIES STATEMENT
Series statement McGraw-Hill series in psychology
504 ## - BIBLIOGRAPHY, ETC. NOTE
Bibliography, etc Bibliography: p. [xvii]-xviii and index
650 #0 - SUBJECT ADDED ENTRY--TOPICAL TERM
Topical term or geographic name as entry element Education
General subdivision Research
9 (RLIN) 133400
Topical term or geographic name as entry element Educational statistics
9 (RLIN) 133401
700 1# - ADDED ENTRY--PERSONAL NAME
Personal name Jackson, Paul H.
830 #0 - SERIES ADDED ENTRY--UNIFORM TITLE
Uniform title McGraw-Hill series in psychology
942 ## - ADDED ENTRY ELEMENTS (KOHA)
Source of classification or shelving scheme Dewey Decimal Classification
Koha item type Books
Holdings
Lost status Source of classification or shelving scheme Damaged status Not for loan Collection code Permanent Location Current Location Shelving location Date acquired Source of acquisition Total Checkouts Full call number Date last seen Copy number Koha item type
  Dewey Decimal Classification     Non-fiction Central Library, University of Rajshahi Central Library, University of Rajshahi   10/06/1977 W.U.S.   370.182 NOS 1974 22/06/2016 C-2 Books
  Dewey Decimal Classification     Non-fiction Central Library, University of Rajshahi Central Library, University of Rajshahi   10/06/1977 W.U.S.   370.182 NOS 1974 22/06/2016 C-3 Books